000 00777cam a2200205 i 4500
005 20251201085318.0
008 250721s2000 jo gr 000 0 ara d
082 1 4 _a213
_bن ع م
100 1 _aالنعمة، إبراهيم
_eمؤلف .
245 1 2 _aالواضح في مصطلح الحديث :
_b(للمبتدئين) مع أسئلة و تمارين للمناقشة /
_cالشيخ ابراهيم النعمه.
250 _aالطبعه الاولى.
264 3 1 _aعمان :
_bدار النفائس للنشر والتوزيع،
_c2000.
300 _a238 صفحه.
650 1 7 _aالإسلام .
650 1 7 _aعلوم الحديث.
650 1 7 _aعلم المصطلح .
650 1 7 _aالحديث الشريف.
942 _2ddc
_cBK
999 _c74860
_d74860